Urinalysis methods & interpretation : June 6, 1987 /

Bibliographic Details
Main Author: Forrester, S. Dru
Corporate Authors: Texas A & M University. College of Veterinary Medicine. Department of Small Animal Medicine and Surgery, Urinalysis Methods & Interpretation
Format: Conference Proceeding Book
Language:English
Published: [College Station, Tex.] : [Department of Small Animal Medicine and Surgery, College of Veterinary Medicine, Texas A&M University], [1987?]
Subjects:

MARC

Tag First Indicator Second Indicator Subfields
LEADER 00000cam a22000005u 4500
001 in00004478024
005 20191202143549.0
008 920909s1987 txua b s100 0 eng d
035 |a (OCoLC)846196322 
035 |z (UtOrBLW)16703 
035 |a 28327 
040 |a TMV  |c TMV  |d UtOrBLW 
049 |a TMVM  |c 1  |c 2 
060 4 |a SF 871  |b F731u 1987 
100 1 |a Forrester, S. Dru. 
245 1 0 |a Urinalysis methods & interpretation :  |b June 6, 1987 /  |c Dru Forrester. 
246 1 5 |a Urine analysis :  |b methodology and interpretation 
246 1 8 |a Urinalysis methods and interpretation 
264 1 |a [College Station, Tex.] :  |b [Department of Small Animal Medicine and Surgery, College of Veterinary Medicine, Texas A&M University],  |c [1987?] 
300 |a 40 unnumbered leaves :  |b illustrations ;  |c 28 cm. 
336 |a text  |2 rdacontent  |b txt 
337 |a unmediated  |2 rdamedia 
338 |a volume  |2 rdacarrier  |b nc 
504 |a Includes bibliographical references. 
505 0 |a Introduction -- Physiology of urine formation -- Urine collection -- Sample preservation -- Performing the urine analysis -- Interpretation of urine analysis 
590 |a copy plain 
650 2 |a Urine  |x chemistry. 
650 2 |a Veterinary Medicine. 
650 2 |a Cats  |x urine. 
650 2 |a Dogs  |x urine. 
655 2 |a Congresses. 
710 2 |a Texas A & M University.  |b College of Veterinary Medicine.  |b Department of Small Animal Medicine and Surgery. 
711 2 |a Urinalysis Methods & Interpretation  |d (1987 :  |c Texas A & M University) 
999 |a MARS 
999 f f |s 65254acb-ceff-3ac4-89ab-b5a5704001ba  |i 6b7d142c-db15-3b7a-89ef-b837bbbf71b5  |t 0 
952 f f |p ric  |a Texas A&M University  |b Rellis Campus  |c Joint Library Facility  |d Remote Storage  |t 0  |i unmediated -- volume  |m 3238902252957 
998 f f |t 0  |l Remote Storage